Statistiques concernant Culture Générale - Série 801

Cliquez ici pour prendre le quiz!

Statistiques générales

  • Ce quiz a été pris 120 fois
  • Le résultat moyen est 5 sur 10

Statistiques - réponses

QuestionRéponse% Correct
Comment se prénommait l'épouse de Louis XVI ?Marie-Antoinette
93%
Quelle romancière britannique a créé le fameux détective belge Hercule Poirot ?Agatha Christie
91%
Quel mot japonnais désigne l'art traditionnel du papier plié ?origami
86%
L'abréviation "R'n'B", employée pour désigner un genre musical, signifie : Rhythm And...Blues
84%
Ouvriers tisserands de la soie lyonnais du XIX° siècle, surtout connus pour leurs révoltescanuts
62%
Dans "Le Livre de la jungle" de Disney, à quelle famille d'animaux la panthère Bagheera confie-t-elle le bébé Mowgli ?loups
51%
Aux Antilles, à la Réunion ou en Nouvelle-Calédonie, quel nom familier désigne un habitant arrivé de France métropolitaine ?Zoreille
30%
Dans "Roméo et Juliette" de Shakespeare, quel personnage, ami de Roméo, meurt suite à un duel contre Tybalt ?Mercutio
10%
Vent venant du nord-ouest de Narbonne, parfois très violent, soufflant dans le Languedoc près de la côte méditerranéennecers
5%
Film de 1982, réalisé par Christopher Frank avec Bruno Cremer, Claude Brasseur et Miou-MiouJosepha
2%

Distribution des résultats

Percentile par nombre de réponses

% des personnes avec chaque résultat

Votre développement - résultats

Vous n’avez pas pris ce quiz